| 000 | 005340000a22001690004500 | ||
|---|---|---|---|
| 020 | _a0-7617-0293-8 | ||
| 041 | 0 | _aSpa | |
| 082 | 0 | 4 | _aE 220.6 A185 |
| 245 | 1 | 0 | _aPrincipios de interpretación Bíblica : libro de texto de estudio autodidacta / traducido por: Alvaro Acosta , Olivia Acosta , Carl Gibbs |
| 250 | _a2 | ||
| 260 | _aSpringfield, Missouri : ICI | ||
| 300 | _a281 p. | ||
| 500 | _aDisponible en Biblioteca Esendek 1 Ej. | ||
| 650 | 1 | 4 | _aINTERPRETACION DE LA BIBLIA \ HERMENEUTICA BIBLICA |
| 001 | 14998 | ||
| 942 | _cBK | ||
| 999 |
_c43814 _d43814 |
||